| 000 | 00750nam a2200217 i 4500 | ||
|---|---|---|---|
| 003 | DO-SdBNP | ||
| 005 | 20230418150452.0 | ||
| 007 | ta | ||
| 008 | 230418t1654 dr |||gr|||| 00| e eng d | ||
| 040 |
_aDO-SdBNP _bspa _cBNPHU _erda |
||
| 041 | _heng | ||
| 082 | 4 |
_222 _bM385m |
|
| 100 | 1 |
_96223 _aMartínez de Trujillo, María |
|
| 245 | 1 | 0 |
_aMoral meditations. / _cMaría Martínez de Trujillo; traducida por René Rastorfer; introducción, José Vasconcelos |
| 264 | 3 | 1 |
_aNew York, Estados Unidos de América : _bCaribean Library, _c1954 |
| 300 |
_a106 páginas ; _c20 cm. |
||
| 590 | _aInventariado 2023 / MF | ||
| 700 | 1 |
_aRastorfer, Reném _etraductor _983282 |
|
| 700 | 1 |
_940296 _aVasconcelos, José, _d1881-1959 _eintroducción |
|
| 942 |
_2ddc _cLBS1 |
||
| 999 |
_c53301 _d53301 |
||